[Event "ch-PHI w"]
[Site "Manila PHI"]
[Date "2011.07.23"]
[Round "11"]
[White "Fronda,J"]
[Black "Cherry,A"]
[Result "0-1"]
[WhiteElo "2076"]
[BlackElo "1949"]

1.e4 c5 2.c3 Nf6 3.e5 Nd5 4.d4 cxd4 5.Qxd4 e6 6.Nf3 Nc6 7.Qe4 d6 8.Bb5 Bd7
9.c4 Nb6 10.Bg5 Qc7 11.exd6 Bxd6 12.Nbd2 a6 13.Bxc6 Bxc6 14.Qe2 Bxf3 15.Nxf3 Qxc4
16.Qxc4 Nxc4 17.b3 Nb6 18.Ke2 Rc8 19.Rac1 Rxc1 20.Rxc1 Kd7 21.h3 Rc8 22.Rxc8 Nxc8
23.Be3 f6 24.g4 Ne7 25.Bd4 Nd5 26.h4 e5 27.Bb2 Bc5 28.Ne1 Ke6 29.Nd3 Bd6
30.f3 g6 31.Nf2 Nf4+ 32.Kf1 Be7 33.Bc1 Nd5 34.Bd2 f5 35.g5 Bd6 36.Kg2 Nc7
37.Kf1 Kd5 38.Ke2 Ne6 39.Nd1 b5 40.Ne3+ Kc6 41.Nc2 Bc5 42.Be3 Bxe3 43.Kxe3 a5
44.Ke2 Nd4+ 45.Nxd4+ exd4 46.Kd2 Kd6 47.a3 Ke5 48.Kd3 Kf4 49.Kxd4 Kxf3 50.Kc5 Ke4
51.Kxb5 f4 52.Kxa5 f3 53.b4 f2 54.b5 f1=Q 55.a4 Kd5 56.h5 gxh5 57.g6 hxg6
58.Kb6 Qf6+ 59.Ka7 Qe7+ 60.Ka6 Qd8 61.a5 Kc5  0-1

[Event "Sparkassen Open A"]
[Site "Dortmund GER"]
[Date "2011.07.24"]
[Round "2.22"]
[White "Kartsev,A2"]
[Black "Simon,Th"]
[Result "1-0"]
[WhiteElo "2196"]
[BlackElo "1963"]

1.e4 c5 2.c3 Nf6 3.e5 Nd5 4.d4 cxd4 5.Nf3 Nc6 6.cxd4 d6 7.Bc4 Nb6 8.Bb5 d5
9.h3 Bf5 10.O-O Bxb1 11.Rxb1 e6 12.Ne1 a6 13.Be2 Rc8 14.Kh1 Be7 15.f4 g6
16.g4 f5 17.exf6 Bxf6 18.Nf3 O-O 19.f5 exf5 20.gxf5 gxf5 21.Bh6 Bg7 22.Rg1 Rc7
23.Qb3 Rcf7 24.Ng5 Nxd4 25.Nxf7 Rxf7 26.Bxg7 Rxg7 27.Rxg7+ Kxg7 28.Rg1+ Kf7
29.Bh5+  1-0

[Event "2nd ch-Vojvodina"]
[Site "Novi Sad SRB"]
[Date "2011.07.24"]
[Round "1.1"]
[White "Zlatkovic,B"]
[Black "Bogosavljevic,B"]
[Result "0-1"]
[WhiteElo "2016"]
[BlackElo "2548"]

1.e4 c5 2.c3 Nf6 3.e5 Nd5 4.d4 cxd4 5.Qxd4 e6 6.Bc4 Nc6 7.Qe4 d6 8.f4 dxe5
9.fxe5 Nxe5 10.Qxe5 Qh4+ 11.g3 Qxc4 12.Nd2 Qd3 13.Qe4 Qe3+ 14.Ne2 Bd7 15.Nc4  0-1

[Event "4th Paleohora Open"]
[Site "Paleochora GRE"]
[Date "2011.07.24"]
[Round "6"]
[White "Pap,M"]
[Black "Nikolov,Mo"]
[Result "1/2-1/2"]
[WhiteElo "2507"]
[BlackElo "2589"]

1.e4 c5 2.c3 Nf6 3.e5 Nd5 4.d4 cxd4 5.Nf3 e6 6.cxd4 b6 7.Bd3 Ba6 8.Nc3 Nxc3
9.bxc3 Bxd3 10.Qxd3 d5 11.exd6 Bxd6 12.Ng5 Qc7 13.Bd2 Nd7 14.a4 Nf6 15.h4 O-O
16.O-O Bh2+ 17.Kh1 Bf4 18.Bxf4 Qxf4 19.g3 Qc7 20.c4 Rac8 21.Rfc1 Rfd8 22.Kg1 h6
23.Nf3 Ne8 24.a5 Nd6 25.axb6 axb6 26.c5 Nf5 27.cxb6 Qxb6 28.Rxc8 Rxc8 29.Qe4 Nd6
30.Qf4 Rd8 31.Rc1 Nf5 32.Rc7 f6 33.Rc4 h5 34.Qe4 Rd5 35.Rc5 Qd6 36.Rxd5 Qxd5
37.Qxd5 exd5 38.Kf1 Kh7 39.Ke2 Kg6 40.Kd3 Nh6 41.Ng1 Kf5 42.f3 g5 43.Ne2 Ng8
44.Ke3 Ne7 45.hxg5 fxg5 46.g4+ hxg4 47.Ng3+ Ke6 48.fxg4 Nc6  1/2-1/2

[Event "Czech GM Open A"]
[Site "Pardubice CZE"]
[Date "2011.07.24"]
[Round "3.10"]
[White "Feuerstack,A"]
[Black "Jojua,D"]
[Result "1/2-1/2"]
[WhiteElo "2421"]
[BlackElo "2505"]

1.e4 c5 2.c3 Nf6 3.e5 Nd5 4.Nf3 e6 5.Bc4 d6 6.d4 cxd4 7.cxd4 Nb6 8.Bd3 Nc6
9.exd6 Nb4 10.Be2 Bxd6 11.Nc3 O-O 12.O-O Bd7 13.Ne5 Bc6 14.a3 Bxe5 15.dxe5 N4d5
16.Nxd5 Nxd5 17.Qd4 Ne7 18.Be3 Nf5 19.Qf4 Nxe3  1/2-1/2

[Event "Czech GM Open A"]
[Site "Pardubice CZE"]
[Date "2011.07.24"]
[Round "3.101"]
[White "Miskulin,D"]
[Black "Vlasak,Lu"]
[Result "0-1"]
[WhiteElo "2208"]
[BlackElo "2308"]

1.e4 c5 2.c3 Nf6 3.e5 Nd5 4.Nf3 Nc6 5.d4 cxd4 6.cxd4 d6 7.Bc4 Nb6 8.Bb3 d5
9.Nh4 e6 10.g3 Be7 11.Qg4 g6 12.Nf3 f5 13.Qf4 Nb4 14.Qd2 Bd7 15.a3 Nc6 16.Nc3 O-O
17.h4 Be8 18.Ne2 Nc4 19.Qh6 Qa5+ 20.Kf1 Nd8 21.Ng5 Bxg5 22.hxg5 Rf7 23.Nf4 Rg7
24.Kg2 Rc8 25.Bxc4 dxc4 26.Be3 c3 27.b4 Qb5 28.d5 Rc4 29.dxe6 Nxe6 30.Nxe6 Qd5+
31.f3 Qxe6 32.Bf4 c2 33.Rhf1 Bc6 34.Qh1 Rd7 35.Qg1 Rd3 36.Qxa7 Rcc3 37.Qb8+ Kg7
38.a4 Rxf3 39.Rxf3 Bxf3+ 40.Kh2 Qc4 41.Re1 c1=Q 42.e6 Qe2+  0-1

[Event "98th ch-GBR"]
[Site "Sheffield ENG"]
[Date "2011.07.24"]
[Round "1.16"]
[White "Harvey,Marcus R"]
[Black "Hunt,A"]
[Result "1/2-1/2"]
[WhiteElo "2206"]
[BlackElo "2436"]

1.e4 c5 2.c3 Nf6 3.e5 Nd5 4.d4 cxd4 5.Nf3 e6 6.cxd4 d6 7.Bc4 Nc6 8.O-O Be7
9.a3 O-O 10.b4 Bd7 11.Bb2 Rc8 12.Nbd2 b5 13.Bxd5 exd5 14.exd6 Bxd6 15.Ne5 a5
16.Qb3 axb4 17.axb4 Be6 18.Nd3 Re8 19.Rfe1 Qh4 20.Nf3 Qh5 21.Re3 f6 22.Rae1 Bf7
23.Bc3 Re4 24.Qa3 Ne7 25.Nc5 Rxe3 26.Rxe3 Nf5 27.Qa6 Re8 28.Rxe8+ Bxe8 29.h3 Qg6
30.Ne1 h5 31.Nb7 Bf8 32.Qe6+ Bf7 33.Qd7 Qg5 34.Nd8 Nd6 35.Nxf7 Nxf7 36.Qxb5 Qc1
37.Qd3 Nd6 38.Qc2 Qa3 39.Qb2 Qa4 40.Nc2 Nc4 41.Qb1 Qb5 42.Ne3 Nxe3 43.fxe3 Qe2
44.Qe1 Qd3 45.Qd2 Qb1+ 46.Kf2 Bd6 47.Bb2 h4 48.Bc3 Bg3+ 49.Ke2 Qg1 50.Kd3 Bf2
51.Qa2 Qxg2 52.Bd2 Kh7 53.Kc3 Qe4 54.Qa6 f5 55.Qe2 Bg3 56.Qh5+ Kg8 57.Qg6 Bf2
58.Qg5 Kf7 59.b5 Bg3 60.b6 Qb1 61.Qh5+ Kf6 62.e4 Qa1+ 63.Kb3 Qb1+ 64.Kc3 Qa1+
65.Kb3 Qb1+ 66.Kc3  1/2-1/2

[Event "TCh-POR 1st Div"]
[Site "Torres Vedras POR"]
[Date "2011.07.24"]
[Round "2.7"]
[White "Lanzani,M"]
[Black "Gonzalez Perez,A"]
[Result "0-1"]
[WhiteElo "2357"]
[BlackElo "2490"]

1.e4 c5 2.c3 Nf6 3.e5 Nd5 4.d4 cxd4 5.Nf3 Nc6 6.cxd4 d6 7.Bc4 e6 8.O-O Be7
9.exd6 Qxd6 10.Nc3 O-O 11.Re1 Nxc3 12.bxc3 b6 13.Bd3 g6 14.Bh6 Rd8 15.Qe2 Bb7
16.Rad1 Rac8 17.Bg5 Bxg5 18.Nxg5 Ne7 19.c4 h6 20.Nf3 Bxf3 21.Qxf3 Kg7 22.Bf1 Nf5
23.d5 exd5 24.Rxd5 Qf6 25.Red1 Rxd5 26.cxd5 Nd6 27.Qd3 Rc3 28.Qe2 Rc4 29.Qd2 Ra4
30.Qc2 Rb4 31.Qe2 h5 32.Rd2 b5 33.f3 Nc4 34.Rd1 Rb2 35.Qd3 Rxa2 36.d6 Nb2  0-1

[Event "16th Balaguer Open"]
[Site "Balaguer ESP"]
[Date "2011.07.25"]
[Round "9"]
[White "Mellado Trivino,J"]
[Black "Piasetski,L"]
[Result "1/2-1/2"]
[WhiteElo "2433"]
[BlackElo "2289"]

1.e4 c5 2.c3 Nf6 3.e5 Nd5 4.d4 cxd4 5.Nf3 e6 6.cxd4 d6 7.a3 Bd7 8.Bd3 Bc6
9.O-O Nd7 10.Re1 Be7 11.Qe2 dxe5 12.dxe5  1/2-1/2

[Event "5th AD San Juan Open"]
[Site "Pamplona ESP"]
[Date "2011.07.25"]
[Round "1"]
[White "Cemborain Oricain,A"]
[Black "Iturrizaga,E"]
[Result "0-1"]
[WhiteElo "2037"]
[BlackElo "2603"]

1.e4 c5 2.c3 Nf6 3.e5 Nd5 4.d4 cxd4 5.Nf3 g6 6.Bc4 Nb6 7.Bb3 Bg7 8.O-O O-O
9.cxd4 d6 10.h3 Nc6 11.Qe2 Bf5 12.Nc3 dxe5 13.g4 Nxd4 14.Nxd4 exd4 15.gxf5 dxc3
16.fxg6 hxg6 17.bxc3 Qc8 18.Kh2 Qxc3 19.Bf4 Qb4 20.Qg4 e6 21.Rab1 Qa5 22.Rfe1 Rad8
23.Qg3 Qf5 24.Bd6 Rfe8 25.Rbd1 Nd5 26.Ba4 Nc3 27.Bxe8 Nxd1 28.Bxf7+ Kxf7
29.Rxd1 Rxd6  0-1

[Event "TCh-POR 1st Div"]
[Site "Torres Vedras POR"]
[Date "2011.07.25"]
[Round "3.3"]
[White "Lanier,N"]
[Black "Rego,P"]
[Result "0-1"]
[WhiteElo "2156"]
[BlackElo "2112"]

1.e4 c5 2.c3 Nf6 3.e5 Nd5 4.Nf3 Nc6 5.d4 cxd4 6.cxd4 d6 7.Bc4 Nb6 8.Bb5 dxe5
9.Nxe5 Bd7 10.Bxc6 Bxc6 11.Nxc6 bxc6 12.Nc3 g6 13.O-O Bg7 14.Qf3 O-O 15.Bg5 Qd7
16.Rad1 h6 17.Bf4 Nd5 18.Rfe1 Nxf4 19.Qxf4 Qb7 20.Qc1 Rfd8 21.Re4 Rab8 22.Qe3 e6
23.b3 c5 24.d5 exd5 25.Re7 d4 26.Rxb7 dxe3 27.Rxb8 Rxb8 28.Ne2 exf2+ 29.Kxf2 Rb7
30.Rc1 Rc7 31.Ke3 h5 32.Rc4 Bh6+ 33.Kf3 Rd7 34.Nf4 Rd2 35.Ra4 Bxf4 36.Kxf4 Rxg2
37.h3 Rh2 38.Kg3 Rc2 39.Rxa7 c4 40.b4 Rb2 41.a3 Rb3+ 42.Kh4 c3 43.Kg5 c2
44.Rc7 Rxa3 45.Kh6 Kf8 46.Rxc2 Rxh3 47.Rb2 Ke7 48.b5 Kd7 49.Rf2 Kc8 50.Rxf7 Rg3
51.Kg7 h4 52.Kf8 Rg5 53.Rh7 Rh5 54.Rg7 h3  0-1

[Event "Sparkassen Open A"]
[Site "Dortmund GER"]
[Date "2011.07.26"]
[Round "4.5"]
[White "Kartsev,A2"]
[Black "Virnyi,J"]
[Result "1-0"]
[WhiteElo "2196"]
[BlackElo "2081"]

1.e4 c5 2.c3 Nf6 3.e5 Nd5 4.d4 cxd4 5.Nf3 Nc6 6.Bc4 Nb6 7.Bb3 d5 8.exd6 Qxd6
9.Nxd4 Nxd4 10.cxd4 g6 11.Qf3 Qf6 12.Qxf6 exf6 13.Nc3 Bb4 14.Bh6 Be6 15.O-O Bxb3
16.axb3 f5 17.Nb5 Kd7 18.Nxa7 Rhe8 19.Nb5 Rxa1 20.Rxa1 Re2 21.Rb1 Nd5 22.Kf1 Re4
23.g3 Kc6 24.f3 Re8 25.Nc3 Ra8 26.Rc1 Kd6 27.Nxd5 Kxd5 28.Rc7 b5 29.Rd7+ Ke6
30.Rb7 Ra1+ 31.Kg2 Rb1 32.d5+ Kxd5 33.Rxb5+ Bc5 34.Be3 Rxb2+ 35.Kh3  1-0

[Event "4th Paleohora Open"]
[Site "Paleochora GRE"]
[Date "2011.07.26"]
[Round "8"]
[White "Pap,M"]
[Black "Khabarov,Sergey"]
[Result "1/2-1/2"]
[WhiteElo "2507"]
[BlackElo "2305"]

1.e4 c5 2.c3 Nf6 3.e5 Nd5 4.Nf3 Nc6 5.d4 cxd4 6.Bc4 Nb6 7.Bb3 d5 8.exd6 Qxd6
9.O-O Be6 10.Na3 dxc3 11.Qe2 Bxb3 12.Nb5 Qb8 13.axb3 e5 14.Nfd4 Nxd4 15.Nxd4 f6
16.bxc3 Kf7 17.Nb5 Be7 18.Be3 Rc8 19.Qd3 Rc6 20.Qxh7 a6 21.Na3 Nd5 22.Nc4 Qc7
23.Bd2 Rd8 24.Na5 Re6 25.Ra4 Nf4 26.Bxf4 exf4 27.Qh5+ Kg8 28.Rc4 Qb6 29.b4 Bd6
30.Qf3 Re7 31.Rd1 Qb5 32.Rcd4 Rde8 33.h4 Be5 34.Rd8 Qb6 35.Rxe8+ Rxe8 36.Rd7 Qe6
37.Qxb7 f5 38.c4 Bf6 39.Rd1 Qe2 40.Qd5+ Kh8 41.Rf1 Bc3 42.Qd1 Bxb4 43.Nb3 Qxd1
44.Rxd1 a5 45.Ra1 Ra8 46.Ra4 Kg8 47.Kf1 Kf7 48.Ke2 Kf6 49.Nd4 Rc8 50.Nb3 Ra8
51.Nc1 Re8+ 52.Kf3 Rc8 53.Nb3 Rxc4 54.Nxa5 Rc3+ 55.Ke2 Rc2+ 56.Kf1 f3 57.gxf3 Bc5
58.Rc4 Rxf2+ 59.Ke1 Be3 60.Rc6+ Kf7 61.Nc4 f4 62.h5 Rh2 63.Nxe3 fxe3 64.Rc3 Rxh5  1/2-1/2

[Event "5th AD San Juan Open"]
[Site "Pamplona ESP"]
[Date "2011.07.26"]
[Round "2"]
[White "Antoli Royo,J"]
[Black "Damljanovic,B"]
[Result "0-1"]
[WhiteElo "2434"]
[BlackElo "2611"]

1.e4 c5 2.c3 Nf6 3.e5 Nd5 4.d4 cxd4 5.cxd4 d6 6.Nf3 Nc6 7.Bc4 Nb6 8.Bd3 Bg4
9.h3 Bxf3 10.Qxf3 Nxd4 11.Qxb7 Qc8 12.Qxc8+ Rxc8 13.Nc3 dxe5 14.O-O e6 15.Be3 Bc5
16.Rac1 O-O 17.Ba6 Rb8 18.Rfd1 Rfd8 19.Kf1 Be7 20.Nb5 Nxb5 21.Rxd8+ Bxd8
22.Bxb5 Nd5 23.Bxa7 Rxb5 24.Rc8 g5 25.Rxd8+ Kg7 26.b3 Ra5 27.Bb8 Rxa2 28.Bxe5+ f6
29.Bd6 Rb2 30.Rb8 Nc3 31.Kg1 Ne4 32.Bf8+ Kg6 33.f3 Ng3 34.Kh2 Nf5 35.b4 Nh4
36.Kg1 Rxg2+ 37.Kf1 Rb2 38.b5 Nxf3 39.b6 Nd2+ 40.Kg1 Nc4 41.Bc5 Kf5 42.Bd4 Rb1+
43.Kf2 e5 44.Bc5 Rb5  0-1

[Event "98th ch-GBR"]
[Site "Sheffield ENG"]
[Date "2011.07.26"]
[Round "2.15"]
[White "Salimbeni,G"]
[Black "Zhou,Y"]
[Result "1/2-1/2"]
[WhiteElo "2150"]
[BlackElo "2444"]

1.e4 c5 2.c3 Nf6 3.e5 Nd5 4.d4 cxd4 5.Nf3 Nc6 6.cxd4 d6 7.Bc4 dxe5 8.dxe5 Ndb4
9.Qb3 e6 10.O-O Na5 11.Qa4+ Bd7 12.Bb5 Bxb5 13.Qxb5+ Nac6 14.Nc3 a6 15.Qe2 Qd3
16.Re1 Rd8 17.Bg5 Be7 18.Bxe7 Kxe7 19.Rac1 Qxe2 20.Rxe2 Nd4 21.Nxd4 Rxd4
22.g3 Rhd8 23.a3 Nd3 24.Rcc2 Rc4 25.f4 Nxb2 26.Rxb2 Rxc3 27.Rxb7+ Rd7 28.Reb2 g5
29.Rxd7+ Kxd7 30.Rb7+ Rc7 31.Rb6 gxf4 32.gxf4 Rc6 33.Rb7+ Ke8 34.Rb4 Kf8
35.Rb3 Rc4 36.Rf3 Kg7 37.f5 exf5 38.Rxf5 Rc3 39.Rg5+ Kh6 40.Rf5 Kg7 41.Rg5+ Kf8
42.Rh5 Rxa3 43.Rxh7 Re3 44.Rh5 Kg7 45.Rg5+ Kf8 46.Kg2 Ke7 47.Rf5 Rb3 48.h4 Rb6
49.Kf3 Re6 50.Ke4 a5 51.h5 a4 52.Rf3 Ra6 53.Ra3 Kf8 54.Rg3 Rh6 55.Rh3 Ra6
56.Rg3 Rh6 57.Rh3 Kg7 58.Rg3+ Kf8  1/2-1/2

[Event "Open NK"]
[Site "Dieren NED"]
[Date "2011.07.28"]
[Round "9"]
[White "Brandenburg,D"]
[Black "Vishnu,P"]
[Result "1-0"]
[WhiteElo "2538"]
[BlackElo "2340"]

1.e4 c5 2.c3 Nf6 3.e5 Nd5 4.Nf3 e6 5.Bc4 b6 6.O-O Bb7 7.d4 Be7 8.Qe2 O-O
9.dxc5 bxc5 10.Rd1 Qc8 11.Na3 f5 12.exf6 Rxf6 13.Bxd5 Bxd5 14.Rxd5 exd5 15.Qxe7 d6
16.Qe2 Nd7 17.Bg5 Rf7 18.Qe6 Ne5 19.Qxd5 Nxf3+ 20.gxf3 Qb7 21.Rd1 Rb8 22.Nc4 Qxd5
23.Rxd5 Rxf3 24.Rxd6 h5 25.Kg2 Rf5 26.h4 Re8 27.Rd7 Re4 28.b3 a6 29.Ne3 Rf7
30.Rd5 Rc7 31.Rd6 a5 32.Kf3 Re8 33.Ra6 Rf7+ 34.Kg3 Ref8 35.f4 Rd7 36.Kf3 Rd3
37.c4 Re8 38.f5 Re5 39.Bf4 Re8 40.Rxa5 Rc8 41.Ra7  1-0

[Event "Open NK"]
[Site "Dieren NED"]
[Date "2011.07.28"]
[Round "9"]
[White "Viergever,M"]
[Black "Partenheimer,A"]
[Result "1/2-1/2"]
[WhiteElo "2123"]
[BlackElo "2206"]

1.e4 c5 2.c3 Nf6 3.e5 Nd5 4.Nf3 e6 5.d4 cxd4 6.cxd4 d6 7.Bc4 Nc6 8.O-O Be7
9.Qe2 O-O 10.Nc3 Nxc3 11.bxc3 dxe5 12.dxe5  1/2-1/2

[Event "Czech GM Open A"]
[Site "Pardubice CZE"]
[Date "2011.07.28"]
[Round "7.50"]
[White "Boruchovsky,A"]
[Black "Aguettaz,M"]
[Result "1/2-1/2"]
[WhiteElo "2297"]
[BlackElo "2426"]

1.e4 c5 2.c3 Nf6 3.e5 Nd5 4.d4 cxd4 5.cxd4 d6 6.Nf3 e6 7.Bc4 Nb6 8.Bd3 Nc6
9.O-O Nb4 10.Bg5 Be7 11.Bxe7 Qxe7 12.Nc3 Nxd3 13.Qxd3 dxe5 14.dxe5 O-O 15.Qe4 Rb8
16.Rfd1 Bd7 17.Nd4 Rfc8 18.Rd3 Rc5 19.Rad1 Na4 20.Nxa4 Bxa4 21.b3 Be8 22.f4 g6
23.a4 Rd5 24.Qe3 Rbd8 25.f5 Qc7 26.fxg6 Qxe5 27.gxf7+ Bxf7 28.Qf2  1/2-1/2

[Event "19th St Affrique Open"]
[Site "Saint Affrique FRA"]
[Date "2011.07.28"]
[Round "7.3"]
[White "Karpatchev,A"]
[Black "Rabineau,C"]
[Result "1-0"]
[WhiteElo "2485"]
[BlackElo "2273"]

1.e4 c5 2.c3 Nf6 3.e5 Nd5 4.Nf3 Nc6 5.Bc4 Nb6 6.Bb3 c4 7.Bc2 d6 8.exd6 Qxd6
9.O-O Bg4 10.Re1 O-O-O 11.Qe2 e6 12.b3 Qf4 13.d4 Bxf3 14.gxf3 Qh4 15.Qe4 Be7
16.Na3 Nd5 17.Qxh4 Bxh4 18.Bd2 cxb3 19.axb3 Be7 20.Nc4 Bd6 21.b4 a6 22.Be4 Bc7
23.Ne3 g6 24.Reb1 Bf4 25.b5 axb5 26.Rxb5 Bxe3 27.fxe3 f5 28.Bd3 Nc7 29.Rb2 e5
30.Rab1 f4 31.Bf1 b5 32.Bxb5 Nxb5 33.Rxb5 fxe3 34.Bxe3 exd4 35.cxd4 Rhe8
36.Kf2 Rd7 37.d5 Rde7 38.Rc1 Rxe3 39.Rxc6+ Kd7 40.Rb7+ Kd8 41.Ra6 Kc8 42.Rxh7 Kb8
43.Rxg6 Rd3 44.Rgg7 Rf8 45.Rf7 Rxf7 46.Rxf7 Rxd5 47.h4 Kc8 48.Re7 Kd8 49.Re4 Rd1
50.Kg3 Rg1+ 51.Kf4 Rh1 52.Kf5 Kd7 53.Kg5 Rg1+ 54.Kh6 Rg3 55.Rf4 Ke7 56.h5 Rh3
57.Kg6 Rg3+ 58.Kh7 Ke8 59.h6 Ke7 60.Kh8 Ke8 61.h7 Ke7 62.Rg4 Rxf3 63.Kg7 Rf7+
64.Kh6 Rf6+ 65.Rg6 Rf8 66.Rg8 Rf6+ 67.Kg5  1-0

[Event "Sparkassen Open A"]
[Site "Dortmund GER"]
[Date "2011.07.29"]
[Round "7.40"]
[White "Baerwolf,S"]
[Black "Fischoeder,H"]
[Result "1/2-1/2"]
[WhiteElo "1818"]
[BlackElo "1989"]

1.e4 c5 2.c3 Nf6 3.d3 Nc6 4.f4 d6 5.Nf3 g6 6.Be2 Bg7 7.O-O O-O 8.h3 Rb8 9.Re1 b5
10.Bf1 e5 11.fxe5 dxe5 12.Bg5 h6 13.Bh4 Be6 14.Nbd2 g5 15.Bf2 Nd7 16.Nb3 Qe7
17.d4 cxd4 18.cxd4 Bxb3 19.axb3 exd4 20.Nxd4 Nxd4 21.Bxd4 Bxd4+ 22.Qxd4 Nc5
23.b4 Ne6 24.Rxa7 Rfd8 25.Qf2 Rd7 26.Rea1 Rbb7 27.Rxb7 Rxb7 28.Qd2 Kg7 29.Qd5 Nf4
30.Qd4+ Qf6 31.Qxf6+ Kxf6 32.Ra5 Ke5 33.Bxb5 Kd4 34.Kf2 Rb6 35.Kf3 Ng6 36.Ba6 Ne5+
37.Kg3 Rxb4 38.Rb5 Rxb5 39.Bxb5 Kxe4 40.b4 f5 41.Kf2 h5 42.Be2  1/2-1/2

[Event "98th ch-GBR"]
[Site "Sheffield ENG"]
[Date "2011.07.29"]
[Round "5.30"]
[White "Webb,L"]
[Black "Yurenok,M"]
[Result "1/2-1/2"]
[WhiteElo "2306"]
[BlackElo "2090"]

1.e4 c5 2.c3 Nf6 3.e5 Nd5 4.Nf3 e6 5.d4 cxd4 6.cxd4 d6 7.Nc3 Nxc3 8.bxc3 Nc6
9.Bf4 Be7 10.Bd3 dxe5 11.Nxe5 Nxe5 12.Bxe5 O-O 13.Qc2 h6 14.Bh7+ Kh8 15.Be4 Bd6
16.Bxd6 Qxd6 17.O-O Rb8 18.Qa4 a6 19.Rfd1 b5 20.Qb3 Bd7 21.Qb4 Qc7 22.Qe7 Rbe8
23.Qa3 Bc6 24.Bd3 Qb7 25.Bf1 Bd5 26.Qb4 Qc6 27.a4 Rc8 28.Rdc1 Bc4 29.axb5 axb5
30.Ra5 Bxf1 31.Kxf1 Qc4+ 32.Qxc4 Rxc4 33.Rxb5 Rfc8 34.Rc5 R8xc5 35.dxc5 Rxc5
36.Ke2 Kg8 37.Kd3 Kf8 38.Rb1 Rc7 39.c4 Ke7 40.Kd4 Kd6 41.Rb6+ Kd7 42.f4 h5
43.g3 Ke7 44.c5 Kd7 45.Kc4 Ra7 46.Kb5 Kc8 47.Ra6 Rb7+ 48.Kc4 Kc7 49.h4 g6
50.Ra8 Kc6 51.Ra6+ Kc7 52.Kd4 Rb4+ 53.Ke5 Rb3 54.Ra7+ Kc6 55.Rxf7 Rxg3 56.Kd4 Rg4
57.Rf6 Kd7 58.Ke5 Kc6 59.Rxe6+ Kxc5 60.Rf6 Kc4 61.Ke4 Kc5 62.Re6 Kc4 63.Rc6+ Kb5
64.Rd6 Kc4 65.Kf3 Rxh4 66.Rxg6 Kd5 67.Rg5+ Ke6 68.Ke4 Rh1 69.Rg6+ Kf7 70.Kf5 Ra1
71.Rh6 Ra5+ 72.Ke4 Kg7 73.Rb6 Kf7 74.f5 Ra1 75.Kf4 h4 76.Rb3 Kf6 77.Rb6+ Kf7
78.Kg4 Rf1 79.Kg5 Rg1+ 80.Kxh4 Rg2  1/2-1/2

[Event "98th ch-GBR"]
[Site "Sheffield ENG"]
[Date "2011.07.29"]
[Round "5.16"]
[White "Kemp,PaulR"]
[Black "Palliser,R"]
[Result "0-1"]
[WhiteElo "2114"]
[BlackElo "2454"]

1.e4 c5 2.c3 Nf6 3.e5 Nd5 4.d4 cxd4 5.Nf3 e6 6.cxd4 d6 7.Bc4 Nc6 8.O-O Be7
9.Bd2 O-O 10.Nc3 dxe5 11.dxe5 Nb6 12.Bb3 Na5 13.Bf4 Nxb3 14.Qxb3 Bd7 15.Rfd1 Qe8
16.a4 Bc6 17.Nd4 Nd5 18.Nxc6 bxc6 19.Nxd5 cxd5 20.Be3 Rb8 21.Qd3 a5 22.Qa6 Bb4
23.Rdc1 Rc8 24.Rxc8 Qxc8 25.Qxc8 Rxc8 26.Kf1 f6 27.exf6 gxf6 28.Rc1 Rb8 29.Rc7 Bf8
30.Ra7 e5 31.Rxa5 d4 32.Bc1 Rc8 33.Bd2 Rc2 34.Be1 Rc1 35.Ra8 d3 36.Rd8 Rd1
37.f3 Kf7 38.a5 Bb4 39.a6 d2  0-1

[Event "Open Women ch-BUL"]
[Site "Vratsa BUL"]
[Date "2011.07.29"]
[Round "6"]
[White "Nikolova,A"]
[Black "Genova,R"]
[Result "1-0"]
[WhiteElo "2305"]
[BlackElo "2188"]

1.e4 c5 2.c3 Nf6 3.e5 Nd5 4.d4 cxd4 5.Nf3 e6 6.cxd4 d6 7.Bc4 Nc6 8.O-O Be7
9.Qe2 O-O 10.a3 Nb6 11.Bd3 dxe5 12.dxe5 Nd4 13.Nxd4 Qxd4 14.Rd1 Qc5 15.Nc3 g6
16.Bh6 Rd8 17.Rac1 Qa5 18.Bd2 Nd5 19.Nxd5 Qxd5 20.Bxg6 hxg6 21.Bb4 Bxb4 22.axb4 a6
23.h4 Kg7 24.Rxd5 exd5 25.h5 d4 26.Qf3 Be6 27.Qf6+  1-0

[Event "Sparkassen Open A"]
[Site "Dortmund GER"]
[Date "2011.07.30"]
[Round "8.4"]
[White "Kartsev,A2"]
[Black "Savchenko,Alek"]
[Result "1/2-1/2"]
[WhiteElo "2196"]
[BlackElo "2257"]

1.e4 c5 2.c3 Nf6 3.e5 Nd5 4.d4 cxd4 5.Nf3 e6 6.cxd4 b6 7.Bc4 Ba6 8.Bxa6 Nxa6
9.Ng5 Bb4+ 10.Kf1 h6 11.Ne4 O-O 12.a3 Be7 13.Nbc3 Nxc3 14.bxc3 f5 15.Nd6 Nc7
16.Qd3 Bxd6 17.exd6 Nd5 18.c4 Nf6 19.f3 Qc8 20.Bf4 Qc6 21.Rc1 Rac8 22.Ke2 Qa4
23.Rhd1 Rc6 24.Be5 Rfc8 25.Bxf6 gxf6 26.Qe3 Kh7 27.d5 Rxd6 28.Rd4 Kg7 29.Kf2 Qa5
30.dxe6 Rxd4 31.Qxd4 dxe6 32.Qd7+ Kg6 33.Qxc8 Qd2+ 34.Kg3 Qg5+ 35.Kh3 Qh5+  1/2-1/2

[Event "Politiken Cup"]
[Site "Helsingor DEN"]
[Date "2011.07.30"]
[Round "1.23"]
[White "Zatonskih,A"]
[Black "Svanholm,B"]
[Result "1/2-1/2"]
[WhiteElo "2522"]
[BlackElo "1926"]

1.e4 c5 2.c3 Nf6 3.e5 Nd5 4.d4 cxd4 5.cxd4 Nc6 6.Nf3 d6 7.Bc4 Nb6 8.Bb5 Bd7
9.Nc3 e6 10.O-O a6 11.Bd3 dxe5 12.dxe5 Nb4 13.Bg5 Be7 14.Bxe7 Qxe7 15.Ne4 O-O
16.Bb1 Bc6 17.Qd4 N4d5 18.Qd3 Nd7 19.a4 Rfd8 20.Neg5 g6 21.h4 Nb4 22.Qe3 Nf8
23.Nd4 Bd5 24.h5 Nc6 25.Ndf3 Rac8 26.Qf4 Rd7 27.hxg6 hxg6 28.Ne4 Bxe4 29.Bxe4 Nh7
30.Rac1 Rdc7 31.Rcd1 Rd7 32.Bxc6 Rxc6 33.Nd2 Qd8 34.Rfe1 Rc2 35.Re2 g5 36.Qb4 Rd4
37.Qxb7 Rcxd2 38.Rexd2 Rxd2 39.Rxd2 Qxd2 40.Qxa6 Qxb2 41.a5 Qa1+ 42.Kh2 Qxe5+
43.g3 Nf6 44.Qa8+ Kg7 45.a6 Qe2 46.a7 Qxf2+ 47.Kh1 Ng4 48.Qg8+ Kxg8 49.a8=Q+ Kg7
50.Qg8+ Kh6 51.Qh7+ Kxh7  1/2-1/2

[Event "98th ch-GBR"]
[Site "Sheffield ENG"]
[Date "2011.07.30"]
[Round "6.18"]
[White "Jackson,J"]
[Black "Zhou,Y"]
[Result "0-1"]
[WhiteElo "2157"]
[BlackElo "2444"]

1.e4 c5 2.c3 Nf6 3.e5 Nd5 4.d4 cxd4 5.Nf3 Nc6 6.cxd4 d6 7.exd6 Qxd6 8.Nc3 Bg4
9.Be2 e6 10.O-O Be7 11.Be3 O-O 12.Rc1 Rfd8 13.Qb3 Rab8 14.Rfe1 Nf4 15.Bxf4 Qxf4
16.d5 Bxf3 17.Bxf3 Nd4 18.Qd1 Bd6 19.Kf1 Nxf3 20.Qxf3 Qxf3 21.gxf3 exd5 22.h3 Bb4
23.Red1 Bxc3 24.Rxc3 Rd7 25.Ke2 f6 26.Re3 Rc8 27.b3 Rc2+ 28.Rd2 Rxd2+ 29.Kxd2 Kf7
30.Rd3 Ke6 31.Rd4 Rc7 32.f4 Kd6 33.f3 Re7 34.a3 f5 35.h4 Re6 36.Ra4 a6  0-1

[Event "98th ch-GBR"]
[Site "Sheffield ENG"]
[Date "2011.07.30"]
[Round "6.40"]
[White "French,A"]
[Black "Waterfield,J"]
[Result "1/2-1/2"]
[WhiteElo "2103"]
[BlackElo "1992"]

1.e4 c5 2.c3 Nf6 3.e5 Nd5 4.Nf3 Nc6 5.Bc4 Nb6 6.Bb3 c4 7.Bc2 Qc7 8.Qe2 g5
9.e6 dxe6 10.Nxg5 Qe5 11.d4 cxd3 12.Bxd3 Qxe2+ 13.Bxe2 h6 14.Ne4 e5 15.Ng3 Be6
16.Nd2 O-O-O 17.O-O f5 18.Nf3 Nc4 19.Nh4 f4 20.Ne4 Bg7 21.Nc5 Bf7 22.Bg4+ Kb8
23.g3 Bf6 24.Ng2 Rhg8 25.Bf3 Nd2 26.Bxd2 Rxd2 27.b3 Bd5 28.Rad1 Rxd1 29.Bxd1 b6
30.Nd7+ Kc7 31.Nxf6 exf6 32.Bc2 Ne7 33.Nh4 Rg5 34.Re1 Kd6 35.Rd1 Ke6 36.c4 Bb7
37.Kf1 fxg3 38.hxg3 f5 39.Ke2 Nc6 40.Nf3 Rg6 41.a3 e4 42.Nh4 Rg8 43.Ng2 Rd8
44.Nf4+ Ke5 45.Rxd8 Nxd8 46.Ke3 a5 47.Bd1 Ne6 48.Nxe6 Kxe6 49.Kd4 Kd6 50.b4 axb4
51.axb4 Ke6 52.c5 bxc5+ 53.bxc5 Kf6 54.Ba4 Kg5 55.Bd7 f4 56.c6 Bxc6 57.Bxc6 fxg3
58.fxg3 Kg4 59.Bxe4  1/2-1/2

[Event "98th ch-GBR"]
[Site "Sheffield ENG"]
[Date "2011.07.30"]
[Round "6.35"]
[White "Dargan,P"]
[Black "Magee,Ronan"]
[Result "1/2-1/2"]
[WhiteElo "2151"]
[BlackElo "1953"]

1.e4 c5 2.c3 Nf6 3.e5 Nd5 4.d4 cxd4 5.Nf3 e6 6.cxd4 b6 7.Nc3 Nxc3 8.bxc3 Bb7
9.Bd3 Be7 10.O-O O-O 11.Qc2 g6 12.Bh6 Re8 13.Be4 Nc6 14.h4 Bxh4 15.g3 Be7
16.Kg2 Rc8 17.Rh1 Nb4 18.Qe2 Bxe4 19.Qxe4 Rxc3 20.Bd2 Rc4 21.Bxb4 Rxb4 22.Qf4 h5
23.Rxh5 gxh5 24.Rh1 Bf8 25.Rxh5 Bg7 26.Rg5 Qe7 27.Qf6 Qf8 28.Rg4 Rc8 29.Qh4 Rc1
30.Ng5 Qa8+ 31.Ne4 Rxd4 32.Rxg7+ Kxg7 33.Qf6+ Kg8 34.Qg5+ Kh7 35.Qh5+ Kg7
36.Qg5+  1/2-1/2

[Event "Sparkassen Open A"]
[Site "Dortmund GER"]
[Date "2011.07.31"]
[Round "9.1"]
[White "Zaitsev,Mikhail1"]
[Black "Jesse,I"]
[Result "1/2-1/2"]
[WhiteElo "2499"]
[BlackElo "2270"]

1.e4 c5 2.c3 Nf6 3.e5 Nd5 4.d4 cxd4 5.cxd4 g6 6.Nf3 Bg7 7.Bc4 Nb6 8.Bb3 O-O
9.Bf4 d6 10.exd6 Bg4 11.dxe7 Qxe7+ 12.Be3 Nc6 13.O-O Rad8 14.h3 Rxd4 15.Bxd4 Bxf3
16.Bxg7 Bxd1 17.Bxf8 Kxf8 18.Rxd1 Nd4 19.Nc3 Nxb3  1/2-1/2

[Event "Politiken Cup"]
[Site "Helsingor DEN"]
[Date "2011.07.31"]
[Round "2.67"]
[White "Meier,L"]
[Black "Rostgaard,T"]
[Result "1-0"]
[WhiteElo "1980"]
[BlackElo "2184"]

1.e4 c5 2.c3 Nf6 3.e5 Nd5 4.d4 cxd4 5.cxd4 d6 6.Nf3 Nc6 7.Bc4 Nb6 8.Bxf7+ Kxf7
9.e6+ Kg8 10.d5 Ne5 11.Nxe5 dxe5 12.Nc3 h6 13.O-O Nc4 14.Qh5 Nd6 15.f4 exf4
16.Bxf4 Kh7 17.Bxd6 exd6 18.Rf7 Rg8 19.Raf1 Be7 20.Ne4 Bg5 21.h4 Bxh4 22.Qf5+ Kh8
23.Qg6 Qb6+ 24.Kh1 Bxe6 25.dxe6 Qd4 26.g3 d5 27.Nd6 Bg5 28.R7f4  1-0

[Event "Politiken Cup"]
[Site "Helsingor DEN"]
[Date "2011.07.31"]
[Round "3.29"]
[White "Meier,L"]
[Black "Teplyi,I"]
[Result "0-1"]
[WhiteElo "1980"]
[BlackElo "2393"]

1.e4 c5 2.c3 Nf6 3.e5 Nd5 4.d4 cxd4 5.cxd4 d6 6.Nf3 Nc6 7.Bc4 e6 8.Nc3 Nxc3
9.bxc3 dxe5 10.Nxe5 Nxe5 11.dxe5 Qxd1+ 12.Kxd1 Bc5 13.Ke2 Bd7 14.Rb1 Bc6
15.Bb5 Kd7 16.Be3 Bxe3 17.Kxe3 Kc7 18.Rhd1 Rad8 19.Bxc6 Kxc6 20.Rd4 Rxd4
21.cxd4 b5 22.f4 h5 23.f5 exf5 24.Rc1+ Kd7 25.d5 Rb8 26.Rf1 a5 27.Rxf5 Ke7
28.Rf2 Rc8 29.Rb2 b4 30.Kd4 Rc1 31.h3 f6 32.exf6+ gxf6 33.Re2+ Kd7 34.Rf2 h4
35.Rxf6 Rc2 36.Rf7+ Kd6 37.Rf6+ Ke7 38.Rh6 Rxa2 39.Kc4 Rc2+ 40.Kb3 Rc3+ 41.Kb2 a4
42.Re6+ Kd7 43.Re2 a3+ 44.Ka2 Rg3  0-1